MESTSKÁ KNIŽNICA GIRALTOVCE  - online katalóg 

Zbierka úloh z matematiky pre SSOŠ 1. (Record no. 22241)

000 -NÁVESTIE
fixed length control field 00368nam a2200157 4500
008 - ÚDAJE S PEVNOU DĹŽKOU – VŠEOBECNÉ INFORMÁCIE
fixed length control field 190319s1987||||xo d
020 ## - MEDZINÁRODNÉ ŠTANDARDNÉ ČÍSLO KNIHY (ISBN)
Údaje o dostupnosti 0
041 1# - KÓD JAZYKA
Kód jazyka textu/zvukovej stopy alebo samostatných nápisov slo
044 ## - KÓD KRAJINY VYDAVATEĽA/PRODUCENTA
Kód krajiny MARC xo
Kód krajiny ISO SK
100 1# - OSOBNÉ MENÁ – VŠEOBECNÉ INFORMÁCIE
Osobné meno Braniš Karel
-- 979
245 10 - NÁZOV
Názov Zbierka úloh z matematiky pre SSOŠ 1.
250 ## - ÚDAJ O PORADÍ VYDANIA
Údaj o poradí vydania 2. vydanie
260 ## - VYDAVATEĽSKÉ ÚDAJE, DISTRIBÚCIA ATĎ.
Názov vydavateľa, distibútora atď. SPN
Miesto publikovania, distribúcie atď. Bratislava
Dátum publikovania, distribúcie atď. 1987
300 ## - FYZICKÝ POPIS
Rozsah 391 s.
958 ## - Formálny deskriptor
Formálny deskriptor A
Holdings
Stav stiahnutia (Blokovanie) (Withrawn status) Stav straty Stav poškodenia (Damaged status) Nie pre výpožičky (Not for loan) Spôsob nadobudnutia (Collection code) Trvalé umiestnenie Aktuálne umiestnenie Dátum nadobudnutia Inventárne číslo (prírastkové číslo) Full call number Dátum posledného výskytu Cena s účinnosťou od Typ jednotky Koha
        Dar Mestská knižnica Giraltovce Mestská knižnica Giraltovce 2019-03-19 20571 S1398 2019-12-12 2019-12-12 Krásna literatúra pre dospelých

Powered by Koha